[Event "Groningen"]
[Site "Groningen"]
[Date "1994.??.??"]
[Round "1"]
[White "Tiviakov, Sergei"]
[Black "Sokolov, Ivan"]
[Result "0-1"]
[WhiteElo "2640"]
[BlackElo "2625"]
[Annotator "Ernst,T"]
[PlyCount "86"]
[EventDate "1994.12.??"]
[EventType "tourn"]
[EventRounds "11"]
[EventCountry "NED"]
[EventCategory "15"]
[SourceTitle "CBM 045"]
[Source "ChessBase"]
[SourceDate "1995.04.01"]
[SourceVersion "1"]
[SourceVersionDate "1995.04.01"]
[SourceQuality "1"]

1. e4 {Tiviakov Wedberg Ftacnik} e5 2. Nf3 Nc6 3. Bb5 a6 4. Ba4 Nf6 5. O-O Nxe4
6. d4 b5 7. Bb3 d5 8. dxe5 Be6 9. c3 Bc5 10. Nbd2 O-O 11. Bc2 f5 12. Nb3 Ba7
13. Nfd4 Nxd4 14. Nxd4 Bxd4 15. cxd4 (15. Qxd4 $142 $1 {This by E:Bogoljubow
introduced move is more popular for White today. White can play in a more easy
way for an advantage. The interesting question is: why did Ivan Sokolov choose
this variation?} c5 16. Qd1 $14 {Short,N-Timman,J/El Escorial/1993}) 15... f4
16. f3 Ng3 17. hxg3 fxg3 18. Qd3 Bf5 19. Qxf5 Rxf5 20. Bxf5 Qh4 21. Bh3 Qxd4+
22. Kh1 Qxe5 {Diese Variante trägt den Namen 'Die lange Peitsche'} 23. Bd2 Qxb2
(23... c5 {Ftacnik} 24. Rae1 Qxb2 25. Bf4 Qf6 26. Bxg3 d4 27. Re6 Qg5 28. Be5
$13 {Teschner,R-Honfi,Kar/Monte Carlo/1969/}) 24. Bf4 d4 (24... c5 $2 {Wedberg,
T} 25. Be6+ Kh8 26. Bxd5 $16 {Smyslov,V-Reshevsky,S/URS-USA/1946}) 25. Bxg3 (
25. Bxc7 d3 26. Be6+ Kh8 27. Bxg3 (27. Rad1 $2 Re8 28. Bd7 Re2 29. Bxg3 d2 30.
f4 h5 $17 {Tseshkovsky,V-Tal,M/USR-ch/1974 0-1(43)/ Inf 19/272}) 27... d2 28.
f4 Rd8 29. Rad1 Rd3 30. Rf2 Qb4 $10 {Baturinsky,V-Estrin,Y/Fernpartie/1946})
25... c5 (25... d3) (25... d3 {Ftacnik} 26. Rad1 d2 27. Be6+ Kf8 28. Bxc7 $13 {
Pelitov,D-Estrin,Y/Albena/1973/}) 26. Be5 $5 (26. Rae1 d3 27. Re7 (27. Be6+ Kh8
28. Bd5 (28. Be5 Qc2 $13) 28... Rf8 29. Bd6 d2 30. Rb1 Qd4 31. Bxf8 Qh4+ $10 {
Haese,G-Kegel,OH/CC/1986}) 27... d2 $1 (27... Qf6 28. Rd7 Rd8 $2 (28... c4 $13)
(28... c4 $1 $13 {Ftacnik}) 29. Be5 $1 $16 {Beliavsky,A-Ornstein,A/Le Havre/
1977/1-0/44/}) 28. Be6+ $142 (28. Be5 $2 Qc1 29. Be6+ Kf8 30. Bd6 Qxf1+ 31. Kh2
Qh1+ $3 (31... d1=Q $2 32. Rf7+ Kg8 33. Rf8#) 32. Kg3 Qe1+ 33. Kh3 Qxe6+ $19)
28... Kh8 29. Rd7 c4 30. Rd1 Qf6 $13 {Maranovic /\ c3} (30... c3 $2 31. Be5 c2
32. Bxb2 cxd1=Q+ 33. Kh2 h5 34. Bxg7+ Kh7 35. Bc3+ $3 Kg6 36. Bf7+ Kf5 37. Rd5+
$18)) 26... Re8 27. f4 (27. Rae1 {Ftacnik} Qxa2) 27... Qe2 (27... c4 28. Rab1 {
>< d4}) 28. Rae1 Qh5 (28... Qxa2 $142 $5 {Ftacnik} 29. Bd6 (29. Bxd4 Rxe1 30.
Rxe1 Qd2 31. Be6+ Kh8 $19) (29. Ra1 Qe2 30. Rfc1 g5 31. Rxc5 g4 32. Bxd4 h6 $17
) 29... Re3 $1 30. Bxc5 Rxh3+ 31. gxh3 Qd5+ 32. Kg1 Qxc5 $17) (28... Qd2 $142
$5) 29. Rc1 $1 d3 (29... c4 $2 30. Bxd4 $16) (29... g5 $2 30. Rxc5 g4 31. Bxd4
$1 $18) 30. Rxc5 Qe2 (30... d2 {Ftacnik} 31. Rd5 Qe2 32. Rg1 $16) 31. Rg1 Rd8
$1 (31... d2 $2 32. Rd5 $1 $16 {/\ 33.Rd7}) 32. Rc7 (32. Rd5 $2 Rxd5 33. Be6+
Kh8 34. Bxd5 Qh5#) 32... Kf8 (32... d2 $2 33. Be6+ Kf8 34. Bxg7+ Ke8 35. Bf7#)
33. Bxg7+ (33. Kh2 $2 d2 34. Be6 Qh5+ 35. Kg3 Qg6+ 36. Bg4 d1=Q 37. Rxd1 Rxd1
38. Rc8+ Ke7 39. Rc7+ Ke8 40. Rc8+ Rd8 $19) (33. Rxg7 $6 d2 34. Bg4 d1=Q 35.
Rxd1 Rxd1+ 36. Kh2 Qd2 37. Bxd1 Qxd1 38. Rxh7 $17) (33. Be6 $2 Qh5+ {Wedberg}
34. Bh3 d2 $19) 33... Ke8 34. Bg4 $2 (34. Bc3 {Ftacnik} d2 35. Bxd2 Rxd2 $17) (
34. Bf6 $142 $1 {Tiviakov} d2 35. Bxd8 d1=Q 36. Bh4 $18 {Tiviakov: 'White is
winning by Kings attack.' But is this judgement correct?} Qd6 {Now it's not
easy to see, how White can win.} 37. Rgc1 Qxf4 38. Rc8+ Kf7 39. R8c7+ (39.
R1c7+ Kg6 40. Rg8+ Kh6 $17) 39... Kg8 40. Rc8+ $10) 34... Qxg4 35. Re1+ Qe2 36.
Rxe2+ $2 (36. Bc3 $1 Qxe1+ 37. Bxe1 d2 38. Bxd2 Rxd2 39. a4 $1 (39. Rxh7 Rxa2
$17) 39... bxa4 40. Rc6 (40. Rc4 {Ftacnik} a3 41. Ra4 a2 42. Kh2 $15) 40... Rd4
41. g3 $10) (36. Rcc1 $142 $1 $10 {Tiviakov} Kf7 37. Rxe2 dxe2 38. Re1 Kxg7 (
38... Rd1 $2 39. Bc3 $18) 39. Rxe2) 36... dxe2 37. Bc3 Rd1+ 38. Kh2 Rc1 $1 $19
{This pin wins.} 39. Rc8+ Kd7 40. Rh8 Rxc3 41. Rxh7+ Kd6 42. Rh6+ Kd5 43. Rh5+
Kd4 (43... Kd4 {Wedberg} 44. Re5 Re3 $19) 0-1

[Event "Budapest zt-B"]
[Site "Budapest"]
[Date "1993.??.??"]
[Round "10"]
[White "Kuczynski, Robert"]
[Black "Marin, Mihail"]
[Result "1/2-1/2"]
[WhiteElo "2525"]
[BlackElo "2515"]
[Annotator "Ernst,T"]
[PlyCount "101"]
[EventDate "1993.03.??"]
[EventType "tourn"]
[EventRounds "11"]
[EventCountry "HUN"]
[EventCategory "9"]
[SourceTitle "CBM 034"]
[Source "ChessBase"]
[SourceDate "1993.06.01"]
[SourceVersion "1"]
[SourceVersionDate "1993.06.01"]
[SourceQuality "1"]

1. e4 e5 2. Nf3 Nc6 3. Bb5 a6 4. Ba4 Nf6 5. O-O Nxe4 6. d4 b5 7. Bb3 d5 8. dxe5
Be6 9. Nbd2 Nc5 10. c3 Be7 11. Bc2 Bg4 12. Re1 O-O 13. Nb3 Ne4 (13... Re8 14.
h3 Nxb3 {Sax,G- Huebner,R, EUCup 1991.} 15. axb3 Bh5 16. b4 Qd7 17. Bb3 $14 {
Kortschnoj.}) (13... Ne6 14. Qd3 (14. h3 Bh5 15. Bf5 Bg6 16. Qd3 Qd7 $10 {
Oll,L- Garcia,G, Ibercaja op 1992.}) 14... g6 15. Nfd4 (15. Bh6 $6 Re8 16. Rad1
Bf5 17. Qd2 $10 {Geller,E- Unzicker,W, Bad Wörishofen 1991, 53/(332).}) 15...
Ncxd4 16. Nxd4 Nxd4 17. cxd4 c5 18. Qg3 Qd7 19. dxc5 Bxc5 20. Bg5 Rfe8 21. Bf6
Rac8 22. Bb3 Bf5 23. Rad1 d4 24. Qf4 $14 {Chandler,M- Wedberg,T, Haninge 1988.}
) (13... Qd7 14. Nxc5 Bxc5 15. h3 $1 (15. Qd3 g6 16. Bg5 Be7 17. Bxe7 Nxe7 18.
Qe3 $14 {Erlandsson,CEM- Mooren,L, 1988 CCYB 02.}) 15... Be6 16. Nd4 Nxd4 $6
17. cxd4 Be7 18. Be3 $16 {Ivanchuk,V- Haba,P, Debrecen 1988.}) 14. Bf4 Re8 (
14... f5 15. exf6 Nxf6 16. Qd3 $16 {Aljechin-Nimzowitsch, Petersburg 1914.})
15. Bxe4 dxe4 16. Rxe4 Qxd1+ 17. Rxd1 Bxf3 18. gxf3 Rad8 19. Ree1 g5 20. Bg3
$16 Kg7 21. e6 Rxd1 22. Rxd1 f5 23. Bxc7 Kf6 24. f4 g4 25. Re1 Bf8 26. Nd4 Nxd4
27. cxd4 Rxe6 28. Be5+ Kf7 29. Rc1 Rh6 30. Rc8 (30. d5 Bd6 31. Rc6 $16) 30...
Rh3 31. Ra8 h5 32. Rxa6 Be7 33. Rh6 h4 34. Rh7+ Ke8 35. Rh8+ Kf7 36. Rh7+ Ke8
37. Kf1 Rxh2 38. d5 Rh1+ 39. Ke2 h3 40. d6 Bd8 41. Bc3 Rb1 42. b3 Bb6 43. d7+
Kf8 44. Bg7+ Kg8 45. Bd4 Kxh7 46. Bxb6 h2 47. d8=Q h1=Q 48. Qe7+ Kh6 49. Qg5+
Kh7 50. Qxf5+ Kh6 51. Qf6+ 1/2-1/2

[Event "EU-ch 12th"]
[Site "Aix les Bains"]
[Date "2011.03.26"]
[Round "5"]
[White "Smirin, Ilia"]
[Black "Vocaturo, Daniele"]
[Result "1/2-1/2"]
[WhiteElo "2658"]
[BlackElo "2564"]
[Annotator "Fine/Primel,D"]
[PlyCount "60"]
[EventDate "2011.03.22"]
[EventType "swiss"]
[EventRounds "11"]
[EventCountry "FRA"]
[SourceTitle "CBM 142 Extra"]
[Source "ChessBase"]
[SourceDate "2011.06.27"]
[SourceVersion "1"]
[SourceVersionDate "2011.06.27"]
[SourceQuality "1"]
[TimeControl "40/5400+30:1800+30"]

1. e4 e5 2. Nf3 Nc6 3. Bb5 a6 4. Ba4 Nf6 5. O-O Nxe4 6. d4 b5 7. Bb3 d5 8. dxe5
Be6 9. Nbd2 (9. c3 Bc5 10. Nbd2 O-O 11. Bc2 Nxd2 (11... Nxf2) (11... f5 12. Nb3
Bb6 13. Nfd4 Nxd4 14. Nxd4 Bxd4 15. cxd4 f4 16. f3 Ng3 17. hxg3 fxg3 18. Qd3
Bf5 19. Qxf5 Rxf5 20. Bxf5 Qh4 21. Bh3 Qxd4+ 22. Kh1 Qxe5 23. Bd2) 12. Qxd2 $1
Ne7 13. b4 Bb6 14. Ng5 Bf5 15. Bxf5 Nxf5 16. Qd3 g6 17. e6 $36 {Smyslov,
V-Ragozin,V URS-ch13 Moscow 1944 (4) 1-0} (17. Rd1 c6 18. Qh3 h5 (18... h6) 19.
Ne4 dxe4 $1 20. Rxd8 Raxd8 21. Bg5 Rd3 $44 {Ragozin})) (9. Qe2 Nc5 (9... Bc5)
10. Rd1 Nxb3 (10... Be7 11. c4 d4 $132) 11. axb3 Be7 (11... Qc8 12. c4 dxc4 13.
bxc4 Bxc4 14. Qe4 $36 Nb4 15. Bg5 h6 {Petrosian,T-Lilienthal,A Moscow exh 1957
1-0} (15... Bc5 16. Na3 O-O {Smyslov} (16... Bb3 17. Rd2) 17. Nxc4 bxc4 18.
Qxc4) (15... c6 $5 16. Rd8+ Qxd8 17. Bxd8 Rxd8 $44 {Smyslov})) 12. c4 O-O 13.
Nc3 Nb4 14. Be3 c6 15. Rac1 Qb8) 9... Be7 (9... Nc5 10. c3 Bg4 11. Bc2 Ne6 12.
Re1 Bc5 13. Nf1 Bh5 14. Ng3 Bg6 15. Bb3 Ne7 16. h4 h6 (16... h5 17. Nd4 {
[%csl Rh5]}) 17. h5 Bh7 18. Nd4 Bxd4 19. cxd4 O-O 20. Qg4 $14 {[%cal Gc1h6]}) (
9... Bc5 10. c3 O-O 11. Bc2 Nxf2 12. Rxf2 f6 13. exf6 Qxf6 (13... Bxf2+) 14.
Qf1 Bg4 15. Kh1 {Smyslov,V-Botvinnik,M Moscow-ch 23th 1943 1-0} (15. Qd3 Qf5 (
15... Bxf2+ 16. Kxf2 g6 17. Qxd5+ Kh8 18. Be4) 16. Qxf5 Bxf5 17. Bxf5 Bxf2+ 18.
Kxf2 Rxf5 19. Kg1 Re8 20. Nf1 $14 {Fine}) (15. h3 Be6 (15... Bxf2+ 16. Qxf2
Bxf3 17. Qxf3 $16 {Fine}) 16. Nb3 Bxf2+ 17. Qxf2 Ne5 18. Nbd4 c5 $2 (18...
Nxf3+ 19. Nxf3) 19. Bg5 $40 {Fine})) 10. c3 Nc5 11. Bc2 Bg4 12. Re1 O-O 13. Nf1
Re8 14. h3 Bxf3 $5 $146 {Curieusement ce coup naturel est une nouveauté alors
que les Noirs obtiennent assez facilement l'égalité} (14... Bh5 15. Ng3 Bg6 16.
Nf5 Bf8 (16... Ne4) 17. Bf4 Qd7 18. N3h4 Rad8 19. Nxg6 hxg6 20. Nd4 Nxd4 21.
cxd4 Ne6 22. Bg3 c5 23. dxc5 Bxc5 24. Bd3 {1/2-1/2 Svidler,P (2723)-Jussupow,A
(2583)/Germany 2004/CBM 100}) 15. Qxf3 Bf6 $1 $11 {La pointe} 16. Bf4 (16. exf6
Rxe1 17. fxg7 Ne4 18. Rb1 {[%cal Gc2b1]} Ne5 $36) 16... Nxe5 17. Bxe5 Bxe5 18.
Bxh7+ Kxh7 19. Qh5+ Kg8 20. Rxe5 c6 21. Ng3 Rxe5 22. Qxe5 Qd7 23. Nf5 f6 24.
Qe7 Qxf5 25. Qxc5 Qe6 {[%csl Ge6][%cal Ga8e8]} 26. a4 bxa4 (26... Re8 27. axb5
axb5 28. Ra6 Qe1+ 29. Kh2 Qe5+) 27. Rxa4 Rb8 28. b4 Rb5 29. Qd4 c5 30. bxc5 Qc6
{[%mdl 8]} 1/2-1/2

[Event "Leon"]
[Site "Leon"]
[Date "1994.??.??"]
[Round "5"]
[White "Leko, Peter"]
[Black "Kortschnoj, Viktor Lvovich"]
[Result "1/2-1/2"]
[WhiteElo "2545"]
[BlackElo "2615"]
[Annotator "Franco"]
[PlyCount "42"]
[EventDate "1994.05.??"]
[EventType "tourn"]
[EventRounds "9"]
[EventCountry "ESP"]
[EventCategory "12"]
[SourceTitle "CBM 042"]
[Source "ChessBase"]
[SourceDate "1994.10.01"]
[SourceVersion "1"]
[SourceVersionDate "1994.10.01"]
[SourceQuality "1"]

1. e4 e5 2. Nf3 Nc6 3. Bb5 a6 4. Ba4 Nf6 5. O-O Nxe4 6. d4 b5 7. Bb3 d5 8. dxe5
Be6 9. c3 Bc5 10. Nbd2 O-O 11. Bc2 Bf5 12. Nb3 Bg6 13. Nfd4 Bxd4 14. Nxd4 Qd7
15. f4 Nxd4 16. cxd4 f6 17. Be3 fxe5 $6 (17... Rad8 $1) 18. fxe5 (18. dxe5 $1 {
xQd7}) 18... Rxf1+ 19. Qxf1 Rf8 20. Qe2 (20. Qe1 $5) 20... Qe6 21. Rf1 (21. Rc1
$1 c6 22. Bd3 Be8 $10) 21... Rxf1+ 1/2-1/2

[Event "Interpolis-01"]
[Site "Tilburg"]
[Date "1977.09.27"]
[Round "4"]
[White "Karpov, Anatoly"]
[Black "Smyslov, Vassily V"]
[Result "1/2-1/2"]
[WhiteElo "2690"]
[BlackElo "2595"]
[Annotator "Ftacnik,L"]
[PlyCount "126"]
[EventDate "1977.09.23"]
[EventType "tourn"]
[EventRounds "11"]
[EventCountry "NED"]
[EventCategory "14"]
[SourceTitle "MCL"]
[Source "ChessBase"]
[SourceDate "1999.07.01"]
[SourceVersion "1"]
[SourceVersionDate "1999.07.01"]
[SourceQuality "1"]

1. e4 e5 2. Nf3 Nc6 3. Bb5 a6 4. Ba4 Nf6 5. O-O Nxe4 6. d4 b5 7. Bb3 d5 8. dxe5
Be6 9. c3 Bc5 10. Nbd2 O-O 11. Bc2 Bf5 12. Nb3 Bg4 13. Nxc5 Nxc5 14. Re1 Re8
15. Bf4 (15. Be3 Ne6 (15... Ne4 {Geller,E-Cseshkovsky/Moscow/1976/}) 16. Qd3 g6
17. Bh6 {Fischer,R-Larsen,B/Santa Monica/1966/}) 15... Bh5 {Keres} (15... Ne6
16. Qd3 g6 (16... Nxf4 $2 17. Qxh7+ Kf8 18. Qh8+ Ke7 19. Qh4+ {P 20. g4}) 17.
Bh6) 16. Bg3 Ne6 (16... Bg6 $143 17. Nd4 $16) 17. Qd2 $5 Ne7 (17... Bxf3 $2 18.
gxf3 {Pf4~/=>>}) 18. Nh4 $1 (18. Nd4 $143 c5 19. Nxe6 (19. Nf5 Nxf5 20. Bxf5
Bg6 $15) 19... fxe6 $15 {Karpov}) 18... d4 19. Be4 (19. f4 dxc3 20. Qxc3 Qd4+
$15) 19... c6 20. Qc2 (20. Bf3 $16) 20... Bg6 21. Rad1 Qb6 22. f4 d3+ (22...
dxc3+ 23. Bf2 Bxe4 24. Rxe4 $14) 23. Qf2 Qxf2+ 24. Kxf2 Bxe4 25. Rxe4 Nc5 (
25... Rad8 26. Re3 Nc5 27. b4) 26. Rd4 (26. Re3 Nd5) 26... Rad8 27. Kf3 (27. b4
$143 Rxd4 28. cxd4 Ne4+ 29. Kf3 Nc3 $132) 27... h6 {Pg5} 28. Bf2 $5 Ne6 (28...
Rxd4 29. cxd4 Na4 30. b3 Nc3 31. Rxd3 Nxa2 32. Ke4 $16 {Karpov}) 29. R4xd3 $1
Rxd3+ (29... g5 $2 30. Rxd8 Rxd8 31. Rxd8+ Nxd8 32. Bc5) 30. Rxd3 g5 (30...
Nxf4 $2 31. Kxf4 g5+ 32. Ke4 gxh4 33. Bxh4) 31. f5 Nf4 (31... Nf8 $142 32. f6 (
32. Rd6 gxh4 33. Ke4 Nh7 (33... Nd5 34. Rxc6) 34. Rxh6 $16 {/+-}) 32... Neg6
33. Nxg6 Nxg6 34. Bg3 Nxe5+ 35. Bxe5 Rxe5 36. Rd6 Rc5 $14 {Smyslov}) 32. Rd6
Ned5 33. Bd4 gxh4 34. Rxc6 f6 35. e6 $16 (35. exf6 $142 $16 {/+-}) 35... Nh5
36. Rxa6 Ng7 37. Ke4 Ne7 38. Bxf6 Ngxf5 39. a4 bxa4 40. Rxa4 Rd8 $6 (40... Kh7
41. Ke5 $16) 41. Ra7 $1 Kf8 (41... Nd6+ 42. Kd3 {P 42... b5 43. d7}) 42. Rd7 $2
(42. c4 $142) 42... Rc8 43. b4 $6 (43. b3 {Pc4}) 43... Ke8 44. Ra7 (44. b5 $6
Rc5 45. b6 Rc6 46. b7 Rxe6+ 47. Kf4 Rb6 $17) 44... Nd6+ 45. Kd3 Nd5 46. Be5 Nb5
47. Rh7 Rc6 $1 (47... Nbxc3 $4 48. Rh8+) 48. Rxh6 Nbxc3 49. Rxh4 Na2 50. b5
Rxe6 51. Rh5 (51. Bd4 $142) 51... Rg6 52. Bg3 Rg4 53. Kc2 (53. Re5+ Kf7 54. Kc2
Nab4+ 55. Kb3 Rd4 $132) 53... Nab4+ 54. Kb3 Rd4 55. Bf2 Rd3+ 56. Ka4 (56. Kc4
Rc3+ 57. Kd4 Rc2 $10) 56... Rd1 57. b6 Nc6 58. b7 Kd7 59. Bg3 Nde7 60. Rb5 Rd2
61. Rb3 Rxg2 62. Kb5 Rd2 63. h4 Nf5 1/2-1/2

[Event "Candidates final"]
[Site "El Escorial"]
[Date "1993.??.??"]
[Round "12"]
[White "Short, Nigel D"]
[Black "Timman, Jan H"]
[Result "1-0"]
[WhiteElo "2655"]
[BlackElo "2635"]
[Annotator "Ftacnik,L"]
[PlyCount "91"]
[EventDate "1993.01.??"]
[EventType "match"]
[EventRounds "13"]
[EventCountry "ESP"]
[SourceTitle "Candidates"]
[Source "ChessBase"]
[SourceDate "1999.07.01"]
[SourceVersion "2"]
[SourceVersionDate "1999.07.01"]
[SourceQuality "1"]

1. e4 {Ernst Knaak} e5 2. Nf3 Nc6 3. Bb5 a6 4. Ba4 Nf6 5. O-O Nxe4 6. d4 b5 7.
Bb3 d5 8. dxe5 Be6 9. c3 Bc5 10. Nbd2 O-O 11. Bc2 f5 (11... Bf5 {Knaak}) (11...
Nxf2 {Knaak}) 12. Nb3 Bb6 13. Nfd4 Nxd4 14. Nxd4 Bxd4 (14... Qd7 {Knaak}) 15.
Qxd4 $1 (15. cxd4 f4 16. f3 Ng3 $1 17. hxg3 fxg3 18. Qd3 Bf5 19. Qxf5 Rxf5 20.
Bxf5 Qh4 21. Bh3 Qxd4+ 22. Kh1 Qxe5 23. Bd2 Qxb2 $13) 15... c5 16. Qd1 h6 (
16... f4 17. f3 Ng5 18. a4 b4 (18... bxa4 19. Rxa4 c4 20. b3 $1 Qb6+ 21. Kh1
Rad8 22. Qd4 Qxd4 23. cxd4 Bd7 24. Rb4 $14 {Haag-Estrin/corr/1979/}) 19. cxb4
c4 (19... cxb4 20. Qd4) 20. b3 $1 (20. Qd4 {Ernst} Bf5 21. Bxf5 Rxf5 22. Rd1
Ne6 23. Qxd5 Qb6+ 24. Kf1 Rd8 25. Qxe6+ Qxe6 26. Rxd8+ Kf7 27. Bd2 Rxe5 28. Bc3
Rd5 29. Rd1 $10 {Kroencke,M- Kegel, OH, CC-BdF-Meisterklasse 1987.}) 20... d4
21. bxc4 Bxc4 22. Bb3 Qd5 23. Bxc4 Qxc4 24. Rb1 Kh8 $2 (24... Ne6 $1 25. Qb3
Rfc8) 25. Qb3 Qe2 26. h4 Nf7 27. Bxf4 {1-0/Rantanen-Ornstein/Reykjavik/1981/})
17. f3 Ng5 18. Be3 Rc8 19. Qd2 (19. b4 $2 {Knaak} cxb4 20. cxb4 d4 $1) 19... a5
20. Rad1 Qe7 21. Bb1 Kh8 22. Rfe1 Rc7 23. Bf2 b4 24. h4 $6 (24. Qd3) (24. Qd3
$14 {Knaak} f4 25. h4) 24... Nh7 25. Qd3 g5 26. Qa6 Rfc8 (26... gxh4 27. Qd6
Qg7 (27... h3 28. Bxc5 Qg7 29. Re2 $16) 28. Bxh4 $1 (28. Qxe6 Ng5 (28... Rg8 {
Ernst} 29. g3 hxg3 30. Be3 $16) 29. Qxd5 $2 Nh3+ 30. Kf1 Nf4) (28. Bxh4 {Knaak}
Rg8 29. Re2 $16)) 27. Re2 (27. Qxa5 bxc3 28. Qxc3 (28. bxc3 {Knaak} gxh4 $13 {
>< Qa5}) 28... gxh4 $132) (27. Qd6 Qf7) 27... Rc6 28. Qd3 (28. Qxa5 gxh4 29. f4
bxc3 30. bxc3 Rg8 $132) 28... gxh4 29. f4 Rg8 (29... Nf8 $5) (29... Nf8 {
Knaak (Timman)}) 30. Qf3 bxc3 31. bxc3 Rb6 (31... Rcc8) (31... Rcc8 {Knaak 
(Timman)}) 32. Bc2 Rg4 33. Kh2 (33. Bb3 {Knaak} Nf8 (33... h3 34. Qxh3 Rxf4 35.
Qxh6 $16) 34. Bxd5 Ng6 35. Bxe6 Qxe6 36. Bxc5 Nxf4 37. Bxb6 Nxe2+ 38. Qxe2
Qxb6+ 39. Kh2 $16 {(Ligterink)}) 33... Rb8 (33... Nf8 {Knaak}) (33... Rb2 $2 {
Ernst} 34. Rxd5 $1 Bxd5 35. Qxd5 Rxf4 36. Bb3 Rxb3 37. axb3 $18) 34. Rxd5 $1 (
34. a3 Rbg8 35. Rg1 Rg3 $1) 34... Bxd5 35. Qxd5 Rxf4 (35... Rd8 {Ernst} 36.
Qxc5 Qxc5 37. Bxc5 Rxf4 38. e6 Re8 39. Bd4+ Kg8 40. e7 Rxd4 41. cxd4 Kf7 42.
Bb3+ $1 Kf6 43. Re6+ Kf7 44. Ra6+ Kg7 45. Rxa5 Rxe7 46. Rxf5 $16) 36. Bxc5 Qg7
(36... Nf6 {Knaak} 37. exf6 Qxe2 38. f7 $16) 37. Bd4 Re8 (37... Rg8 38. e6 Nf6
39. Bxf6 Qxf6 40. e7 Re8 41. Qb5 $1 Rxe7 42. Qb8+ Kg7 43. Rxe7+ Qxe7 44. Qxf4
$18) (37... Rf1 38. e6 Nf6 39. Bxf6 Qxf6 40. e7 Re8 41. Qb5 $18 (41. Ba4 {Knaak
} Qg6 42. Qe5+ Kh7 43. Bxe8 Qxe8 44. Rd2 $18)) (37... Qg3+ {Knaak} 38. Kg1 Ng5
39. e6+ Rxd4 40. Qxd4+ Kg8 41. Qd5 $16) (37... Qb7 $4 {Ernst} 38. e6+ Kg8 39.
Qxb7 Rxb7 40. e7 $18) 38. Qd6 $2 (38. e6 $1 Rxd4 (38... Nf6 39. Bxf6 Qxf6 40.
Qb5 $3 Rg8 (40... Rxe6 {Knaak} 41. Rxe6 Qxe6 42. Qb8+ $18) 41. e7 $18) 39. Qxd4
$16) (38. e6 $10 {Ernst}) 38... Qg3+ $2 (38... Rf1 $1 39. e6 (39. Re3 f4 40.
Rd3 Rg8 41. e6 Nf6 42. Bxf6 (42. Qc6 Qg3+ $1 43. Rxg3 hxg3+ 44. Kh3 Rh1#) 42...
Qxf6 $17) (39. Bf2 h3 $17 (39... Qg4 40. Qd2 Rg8 41. Bg1 Qg3+ 42. Kh1 h3 {
und # laut FRITZ2}) (39... h3 {Ernst} 40. Bh4 hxg2 41. Rxg2 Qxe5+ 42. Qxe5+
Rxe5 43. Bf2 $1 $44)) 39... Nf6 40. e7 $2 (40. Bxf6 {Knaak} Qxf6 $17 (40...
Qxf6 {Ernst} 41. Qe5 Kg7 42. Ba4 Re7 43. Bd7 $15)) (40. g3 $1 f4 $1 41. g4 f3 (
41... Nxg4+ 42. Kg2 Ne3+ $10) 42. Re4 $3 f2 43. Rf4 Nxg4+ 44. Rxg4 Rh1+ 45.
Kxh1 f1=Q+ 46. Rg1 Qf3+ 47. Kh2 Qe2+ 48. Kh3 $3 Qf3+ 49. Kxh4 Qff6+ 50. Bxf6
Qxf6+ 51. Kh3 Qf3+ 52. Qg3 Qh5+ 53. Qh4 Qf3+ 54. Kh2 $18) 40... Ng4+ 41. Kh3
Rh1+) 39. Kg1 h3 (39... Rxd4 $1 {Ernst} 40. Qxd4 Ng5 41. e6+ Kg8 42. Qe3 f4 $14
) 40. Rf2 $1 (40. e6+ $1 {Knaak} Kg8 41. Rf2 Rg4 42. e7 $3 $18 {(FRITZ2)})
40... h2+ $2 (40... Rxd4 $1 41. Qxd4 Ng5 42. Qf4 Qxf4 (42... Qxc3 {Knaak} 43.
Qxf5 Qxe5 $10) 43. Rxf4 Rxe5 $13) 41. Kh1 Rxd4 (41... Rxf2 42. e6+ Kg8 43.
Qxg3+) (41... Qxf2 {Knaak} 42. Bxf2 Rxf2 $16) 42. Qxd4 Nf6 (42... Qxe5 43. Re2
Qxd4 44. Rxe8+) 43. Re2 (43. Rxf5 $2 {Ernst} Qe1+ 44. Kxh2 Rg8 $1 $40) 43...
Nh5 44. e6+ Qg7 (44... Kg8 45. Qd7 $16 (45. Qd7 {Ernst} Qg6 46. Rf2 Kh8 47.
Bxf5 Ng3+ 48. Kxh2 Nxf5 49. Rxf5 $18)) 45. Kxh2 f4 46. Bg6 (46. Bg6 {Knaak} Ng3
47. Bxe8 Nxe2 48. Qxg7+ Kxg7 49. Bb5 {/\ e7+-}) 1-0

[Event "Rostock-10 GM Group"]
[Site "Rostock"]
[Date "1984.08.17"]
[Round "7"]
[White "Tseshkovsky, Vitaly"]
[Black "Chekhov, Valery A"]
[Result "1/2-1/2"]
[WhiteElo "2505"]
[BlackElo "2535"]
[Annotator "Ftacnik,L"]
[PlyCount "46"]
[EventDate "1984.08.11"]
[EventType "tourn"]
[EventRounds "9"]
[EventCountry "DDR"]
[EventCategory "8"]
[SourceTitle "MCL"]
[Source "ChessBase"]
[SourceDate "1999.07.01"]
[SourceVersion "1"]
[SourceVersionDate "1999.07.01"]
[SourceQuality "1"]

1. e4 e5 2. Nf3 Nc6 3. Bb5 a6 4. Ba4 Nf6 5. O-O Nxe4 6. d4 b5 7. Bb3 d5 8. dxe5
Be6 9. c3 Bc5 10. Nbd2 O-O 11. Bc2 Nxf2 12. Rxf2 f6 13. exf6 Bxf2+ $1 14. Kxf2
Qxf6 15. Nf1 (15. Kg1 Ne5) 15... Ne5 16. Be3 $1 Rae8 $1 17. Bd4 (17. Bc5) 17...
Qh4+ (17... Bg4 18. N1d2 Qh4+ $1 19. Kg1 Nxf3+ 20. Nxf3 Qh5) 18. Kg1 Nxf3+ 19.
gxf3 Qg5+ 20. Ng3 Bh3 21. a4 g6 22. axb5 axb5 23. Bf2 h5 1/2-1/2